| 000 | 01445cab a2200457 4500 | ||
|---|---|---|---|
| 001 | ABS50290 | ||
| 008 | 090401t1994 xxu||||| |||| 00| 0 eng d | ||
| 035 | _a(Sirsi) u75101 | ||
| 041 | _aeng | ||
| 100 | _aRowan-Robinson, J. | ||
| 245 | _aEnforcement of environmental regulation in Britain: strengthening the link | ||
| 260 | _c1994 | ||
| 350 | _a0 | ||
| 490 |
_aJournal of Planning and Environment Law _vMarch 1994, 200-218(18) |
||
| 520 | _aAssesses the effectiveness of the provisions of the Environmental Protection Act 1990 and the Property and Compensation Act 1991 in enforcing environmental control. | ||
| 650 | _aADMINISTRATIVE ORDERS | ||
| 650 | _aAIR POLLUTION | ||
| 650 | _aCIVIL LAW | ||
| 650 | _aCLEAN-UP COSTS | ||
| 650 | _aCONFISCATION | ||
| 650 | _aCRIMINAL LAW | ||
| 650 | _aDUTY OF CARE | ||
| 650 | _aENFORCEMENT NOTICES | ||
| 650 | _aENFORCEMENT | ||
| 650 | _aENVIRONMENTAL CONTROL | ||
| 650 | _aENVIRONMENTAL PROTECTION ACT 1990 | ||
| 650 | _aFORFEITURE | ||
| 650 | _aINJUNCTIONS | ||
| 650 | _aINTEGRATED POLLUTION CONTROL | ||
| 650 | _aPLANNING CONTROL | ||
| 650 | _aPOLLUTION | ||
| 650 | _aPROPERTY AND COMPENSATION ACT 1991 | ||
| 650 | _aENVIRONMENT WHITE PAPER 1990 | ||
| 650 | _aUNLAWFUL CONDUCT | ||
| 650 | _aWASTE MANAGEMENT | ||
| 650 | _aWATER POLLUTION | ||
| 690 | _aENVIRONMENTAL AND LAND CONSULTANCY | ||
| 700 | _aRoss, A. | ||
| 942 | _n0 | ||
| 948 | _c04/03/1997 | ||
| 999 |
_c47315 _d47315 |
||